[Event "ICS rated standard match"]
[Site "204.178.125.65"]
[Date "2000.05.29"]
[Round "?"]
[White "Amateur"]
[Black "Hossa"]
[Result "0-1"]
[WhiteElo "2345"]
[BlackElo "2264"]
[PlyCount "172"]
[EventDate "2000.??.??"]

1. c4 e5 2. Nc3 d6 3. Nf3 Nf6 4. d4 exd4 5. Nxd4 Nbd7 6. Bg5 h6 7. Bf4 Nc5 8.
e3 g5 9. Bg3 h5 10. h3 Nfe4 11. Nxe4 Nxe4 12. Bh2 c6 13. a3 g4 14. Qc2 Nc5 15.
hxg4 hxg4 16. Be2 g3 17. fxg3 Qe7 18. O-O-O Bh6 19. Kb1 Bxe3 20. Bf3 Qe5 21.
Qe2 Bxd4 22. Rxd4 Bf5+ 23. Ka2 O-O-O 24. Rh4 Qf6 25. Bg4 Bxg4 26. Qxg4+ Kb8 27.
Qd4 Qxd4 28. Rxd4 b5 29. cxb5 cxb5 30. Rh4 Rhe8 31. Rh7 Rd7 32. g4 Ne4 33. Rf1
Ree7 34. Rf5 a6 35. g5 Kb7 36. Bg1 Rc7 37. Bh2 Kc8 38. Bf4 Kd8 39. g4 Kc8 40.
Rg7 Kb7 41. Kb1 Rcd7 42. g6 fxg6 43. Rxg6 d5 44. Rg8 d4 45. Rb8+ Ka7 46. Rff8
Rh7 47. Rbe8 Rh1+ 48. Ka2 Nc5 49. Ra8+ Kb6 50. Rf6+ Kb7 51. Rff8 Rg1 52. Rfb8+
Kc6 53. Rg8 Rg2 54. Rg5 Nd3 55. Rxa6+ Kb7 56. Rd6 Rxb2+ 57. Ka1 Re7 58. Bg3 Rf7
59. Rf5 Rc7 60. Bf4 Rh7 61. Rh6 Re7 62. Rh1 Rb3 63. Bd6 Re4 64. g5 Re2 65. Rb1
Rxb1+ 66. Kxb1 Kc6 67. Rf6 Kd5 68. g6 Rb2+ 69. Ka1 Rg2 70. Bc7 Kc4 71. Bb6 Ne5
72. Rf4 Kb3 73. Rf1 d3 74. Rb1+ Kc3 75. Rc1+ Kd2 76. Rc5 Nc4 77. Bd8 Rxg6 78.
Kb1 Rg1+ 79. Ka2 Kc2 80. Rxb5 d2 81. Rd5 Rg3 82. Be7 Rd3 83. Rb5 d1=Q 84. Bc5
Qc1 85. a4 Ra3+ 86. Bxa3 Qxa3# {Amateur checkmated} 0-1

[Event "ICS rated standard match"]
[Site "204.178.125.65"]
[Date "2000.05.29"]
[Round "?"]
[White "Hossa"]
[Black "bookbuilder"]
[Result "1/2-1/2"]
[WhiteElo "2284"]
[BlackElo "2539"]
[PlyCount "167"]
[EventDate "2000.??.??"]

1. d4 d5 2. Nf3 Nf6 3. e3 e6 4. Bd3 Be7 5. Nbd2 c6 6. O-O O-O 7. e4 dxe4 8.
Nxe4 Nxe4 9. Bxe4 f5 10. Bd3 c5 11. dxc5 Nc6 12. Bc4 Qxd1 13. Rxd1 Bxc5 14. Bf4
Na5 15. Be2 Nc6 16. c3 a6 17. Rd2 Rd8 18. Rxd8+ Nxd8 19. Re1 b5 20. Bd1 a5 21.
a4 b4 22. Bb3 bxc3 23. bxc3 Ra6 24. Bc4 Ra7 25. Rb1 Rb7 26. Rxb7 Nxb7 27. Ng5
Bd6 28. Bxd6 Nxd6 29. Bb3 Ne4 30. Nxe4 fxe4 31. Bc4 Kf7 32. Bb5 Ke7 33. Kf1 Kd6
34. Ke2 Bb7 35. Ke3 g5 36. c4 Kc5 37. h3 h6 38. g3 e5 39. h4 gxh4 40. gxh4 Kb4
41. Kd2 Bc8 42. Ke3 Bf5 43. Kd2 Bh3 44. Ke3 Bg2 45. Ke2 Kc5 46. Ke3 Bf3 47. Ba6
Bd1 48. Bb5 Bc2 49. Kd2 Bd3 50. Kc3 Bf1 51. Ba6 Bh3 52. Bb5 Bf1 53. Ba6 Bh3 54.
Bb5 Be6 55. Ba6 Bg4 56. Bb5 Be2 57. Ba6 Bf1 58. Bb7 Bxc4 59. Bxe4 Be6 60. Bf3
Bd7 61. Bd1 Kd5 62. Bc2 Be8 63. Bb3+ Ke4 64. Bd1 Bf7 65. Kd2 Kd4 66. f3 Bh5 67.
Be2 e4 68. fxe4 Bxe2 69. Kxe2 Kxe4 70. h5 Kf4 71. Kf2 Ke4 72. Ke2 Kd4 73. Kd2
Kc4 74. Kc2 Kb4 75. Kb2 Kxa4 76. Kc3 Ka3 77. Kc2 a4 78. Kc3 Ka2 79. Kc2 a3 80.
Kc1 Ka1 81. Kc2 Ka2 82. Kc1 Ka1 83. Kc2 Ka2 84. Kc1 1/2-1/2

[Event "ICS Rated standard match"]
[Site "204.178.125.65"]
[Date "2000.05.29"]
[Round "?"]
[White "MissSilicon"]
[Black "Hossa"]
[Result "1/2-1/2"]
[WhiteElo "2423"]
[BlackElo "2294"]
[PlyCount "96"]
[EventDate "2000.??.??"]

1. d4 Nf6 2. c4 e6 3. Nf3 c5 4. dxc5 Bxc5 5. e3 Nc6 6. a3 O-O 7. b4 Bb6 8. Bb2
d6 9. Bd3 Ng4 10. Nbd2 a5 11. b5 Nce5 12. Bb1 Nxf3+ 13. Nxf3 Nf6 14. O-O e5 15.
Qc2 Bg4 16. Ng5 g6 17. h3 Be6 18. Nxe6 fxe6 19. Rd1 Qc7 20. Qd3 Bc5 21. Rd2 Rf7
22. Ba2 Raf8 23. Re1 g5 24. f3 Nh5 25. Bb1 Ng3 26. Kh2 Nf5 27. Qc3 Bb6 28. e4
Nd4 29. Rd3 Qd8 30. Red1 g4 31. fxg4 Rf2 32. c5 Bxc5 33. Qc1 R8f4 34. Bxd4 Bxd4
35. Rg3 d5 36. exd5 exd5 37. Bf5 Kh8 38. Rxd4 exd4 39. b6 Qxb6 40. Qc8+ Kg7 41.
Rb3 Qxb3 42. Qc7+ Kf6 43. Qd8+ Kf7 44. Qc7+ Kg8 45. Qc8+ Kf7 46. Qc7+ Kg8 47.
Qc8+ Kf7 48. Qc7+ Kg8 1/2-1/2

[Event "ICS rated standard match"]
[Site "204.178.125.65"]
[Date "2000.05.30"]
[Round "?"]
[White "Amateur"]
[Black "Hossa"]
[Result "0-1"]
[WhiteElo "2313"]
[BlackElo "2300"]
[PlyCount "114"]
[EventDate "2000.??.??"]

1. e4 c5 2. Nf3 Nc6 3. Bb5 g6 4. Bxc6 bxc6 5. d4 cxd4 6. Qxd4 f6 7. Be3 e5 8.
Qd3 d5 9. exd5 cxd5 10. Nc3 d4 11. Nxd4 exd4 12. Qe4+ Ne7 13. Qxa8 dxe3 14. O-O
Ba6 15. Qxd8+ Kxd8 16. Rfd1+ Kc8 17. Rd6 exf2+ 18. Kxf2 Bb7 19. Rxf6 Nf5 20. g4
Bc5+ 21. Ke2 Re8+ 22. Kd3 Nd6 23. Nd1 Ba6+ 24. c4 Bxc4+ 25. Kc3 Re4 26. Kc2
Re2+ 27. Kc3 Bd5 28. Kd3 Rxh2 29. Rf8+ Kc7 30. Rf4 g5 31. Rc1 gxf4 32. Rxc5+
Bc6 33. Rc2 Rxc2 34. Kxc2 Bg2 35. Kd3 Ne4 36. Ke2 Kd6 37. Nf2 f3+ 38. Ke3 Nxf2
39. Kxf2 Ke5 40. Ke3 Kf6 41. Kf2 Kg6 42. b4 Kg5 43. Kg3 h5 44. gxh5 Kxh5 45. a4
Kg5 46. b5 Bf1 47. Kxf3 Kf5 48. Kf2 Bc4 49. Kf3 Ke5 50. Ke3 Kd5 51. Kd2 Kc5 52.
Kc3 Be6 53. Kd2 Kb4 54. a5 Kxa5 55. Ke3 Kb4 56. Kd2 Bf5 57. Ke2 Kxb5 {
Amateur resigns} 0-1

[Event "ICS rated blitz match"]
[Site "204.178.125.65"]
[Date "2000.05.30"]
[Round "?"]
[White "Hossa"]
[Black "Amateur"]
[Result "0-1"]
[WhiteElo "2451"]
[BlackElo "2512"]
[PlyCount "82"]
[EventDate "2000.??.??"]

1. d4 Nf6 2. c4 e6 3. Nf3 b6 4. a3 Ba6 5. Qc2 Bb7 6. Nc3 c5 7. e4 cxd4 8. Nxd4
Nc6 9. Nxc6 Bxc6 10. Bf4 Bc5 11. Be2 O-O 12. Rd1 a5 13. O-O Qe7 14. e5 Nh5 15.
Bxh5 Qh4 16. g4 g6 17. Bh6 gxh5 18. Rd3 Rfc8 19. gxh5 Kh8 20. Rg3 Rg8 21. Ne2
Rxg3+ 22. Nxg3 Qh3 23. Qe4 Bxe4 24. Nxe4 Rg8+ 25. Ng3 Rxg3+ 26. hxg3 Qxg3+ 27.
Kh1 Qh3+ 28. Kg1 Qg4+ 29. Kh2 Qxh5+ 30. Kg2 Qxh6 31. b4 Qg5+ 32. Kf3 Qf5+ 33.
Kg2 Qg4+ 34. Kh2 Bd4 35. f4 Qe2+ 36. Kg3 Qxf1 37. c5 Be3 38. Kh4 Bf2+ 39. Kg5
Qg1+ 40. Kf6 Bh4+ 41. Kxf7 Qg8# {Hossa checkmated} 0-1

[Event "ICS rated standard match"]
[Site "204.178.125.65"]
[Date "2000.05.30"]
[Round "?"]
[White "Hossa"]
[Black "Amateur"]
[Result "1/2-1/2"]
[WhiteElo "2317"]
[BlackElo "2296"]
[PlyCount "289"]
[EventDate "2000.??.??"]

1. d4 Nf6 2. c4 g6 3. Nc3 Bg7 4. e4 d6 5. f3 O-O 6. Be3 c5 7. dxc5 dxc5 8. Bxc5
Nc6 9. Bd3 Be6 10. Ba3 Qa5 11. Qc2 Nd7 12. Nge2 Nde5 13. c5 Nb4 14. Bxb4 Nxd3+
15. Qxd3 Qxb4 16. Qb5 Qxb5 17. Nxb5 Rfc8 18. c6 Rxc6 19. Nbd4 Rb6 20. b3 Rd6
21. O-O-O Rc8+ 22. Kb2 Rcd8 23. Kc3 Bd7 24. a4 b5 25. f4 bxa4 26. e5 Ra6 27.
bxa4 Bxa4 28. Ra1 f6 29. exf6 Bxf6 30. Kc4 Rc8+ 31. Kb4 e5 32. Rxa4 Rb8+ 33.
Kc5 Rxa4 34. Nc6 Rb2 35. fxe5 Bxe5 36. Ng1 Rc2+ 37. Kd5 Bf4 38. Nf3 Rxg2 39. h3
g5 40. Nfd4 Rg3 41. Ne7+ Kf7 42. Nec6 Rd3 43. Ke4 Re3+ 44. Kf5 h5 45. Nd8+ Kg8
46. N4e6 Ra5+ 47. Kf6 Ra6 48. Kf5 Rb6 49. Ra1 Re5+ 50. Kf6 a5 51. Ra4 Rc5 52.
Kg6 h4 53. Re4 Rc7 54. Rd4 Bc1 55. Kh5 Rh7+ 56. Kg4 Rb3 57. Rc4 Bd2 58. Rc8 Rh8
59. Kf5 Rc3 60. Ra8 g4 61. Nc6+ Kh7 62. Ra7+ Kh6 63. Ne5 Rf3+ 64. Nxf3 gxf3 65.
Rf7 Bc3 66. Ke4 a4 67. Rxf3 Rc8 68. Rf7 a3 69. Ra7 Bb2 70. Ra6 Rc4+ 71. Kf5 Rc3
72. Ng5+ Kg7 73. Ra7+ Kf8 74. Ra4 Bc1 75. Kf6 Bxg5+ 76. Kxg5 Rxh3 77. Ra7 Ke8
78. Kg4 Rb3 79. Kxh4 Kd8 80. Kg5 Kc8 81. Kf5 Kb8 82. Ra4 Kb7 83. Ke5 Rh3 84.
Kd5 Rh5+ 85. Kd6 Rh6+ 86. Kc5 Ra6 87. Rb4+ Kc7 88. Rb1 a2 89. Ra1 Ra4 90. Kb5
Ra8 91. Rc1+ Kd6 92. Ra1 Kd5 93. Kb4 Ra7 94. Kb3 Rb7+ 95. Kxa2 Rh7 96. Kb2 Rh2+
97. Kc1 Kc4 98. Ra3 Rf2 99. Kd1 Kd4 100. Ke1 Rc2 101. Kf1 Ke4 102. Kg1 Kf4 103.
Kh1 Kg4 104. Kg1 Rd2 105. Kh1 Rb2 106. Kg1 Rc2 107. Kh1 Rd2 108. Kg1 Rb2 109.
Kh1 Re2 110. Kg1 Kf4 111. Kh1 Kf5 112. Kg1 Kg4 113. Kh1 Rf2 114. Kg1 Rf4 115.
Kh1 Rb4 116. Kh2 Rc4 117. Kg2 Kf4 118. Kh2 Rc2+ 119. Kh3 Rd2 120. Kh4 Rh2+ 121.
Rh3 Rg2 122. Kh5 Rg5+ 123. Kh6 Rg2 124. Kh7 Ke5 125. Kh8 Rf2 126. Kg8 Kd4 127.
Kh8 Rg2 128. Kh7 Rg5 129. Kh8 Rg1 130. Kh7 Rg4 131. Kh6 Ke4 132. Kh7 Rg5 133.
Kh8 Kd4 134. Kh7 Ke5 135. Kh8 Rg4 136. Kh7 Rf4 137. Kh8 Kd4 138. Kg8 Ke4 139.
Kh8 Rg4 140. Kh7 Ke5 141. Kh6 Rf4 142. Kh7 Ke4 143. Kh8 Rf8+ 144. Kg7 Rf4 145.
Kh7 1/2-1/2

[Event "ICS Rated standard match"]
[Site "204.178.125.65"]
[Date "2000.05.30"]
[Round "?"]
[White "Hossa"]
[Black "MissSilicon"]
[Result "0-1"]
[WhiteElo "2316"]
[BlackElo "2399"]
[PlyCount "116"]
[EventDate "2000.??.??"]

1. d4 d5 2. Nf3 Nf6 3. e3 Bf5 4. c4 e6 5. Nc3 Nc6 6. cxd5 Nxd5 7. Bb5 Bd6 8.
Bxc6+ bxc6 9. O-O Nxc3 10. bxc3 O-O 11. Re1 c5 12. e4 Bg4 13. Be3 cxd4 14. cxd4
f5 15. e5 Bb4 16. Qb3 Bxe1 17. Qxe6+ Kh8 18. Nxe1 Be2 19. g3 Rb8 20. Qc6 Rb6
21. Qc2 Ba6 22. Rd1 Bb7 23. d5 Rb5 24. Bc5 Re8 25. a4 Ra5 26. Qc3 Rxa4 27. Qb3
Ra5 28. Qb4 c6 29. dxc6 Qxd1 30. cxb7 Ra1 31. b8=Q Qxe1+ 32. Kg2 Qf1+ 33. Kf3
Qd1+ 34. Kg2 Qd5+ 35. Kh3 Rxb8 36. Qxb8+ Qg8 37. Bxa7 Qxb8 38. Bxb8 Ra2 39. Kg2
Kg8 40. Bd6 Kf7 41. Kg1 Ke6 42. f4 Kd5 43. Kh1 Ke4 44. h3 Kf3 45. Kg1 Kxg3 46.
Kf1 Kxf4 47. h4 Kf3 48. Ke1 f4 49. Bf8 Kg2 50. Bc5 f3 51. Kd1 Ra5 52. e6 Rxc5
53. Kd2 f2 54. Ke3 f1=Q 55. Kd4 Qc4+ 56. Ke3 Qc3+ 57. Ke4 Rc4+ 58. Kf5 Qa5# {
Hossa checkmated} 0-1

[Event "ICS rated standard match"]
[Site "204.178.125.65"]
[Date "2000.05.30"]
[Round "?"]
[White "Hossa"]
[Black "xLars"]
[Result "1-0"]
[WhiteElo "2312"]
[BlackElo "2106"]
[PlyCount "229"]
[EventDate "2000.??.??"]

1. c4 f5 2. Nf3 Nf6 3. d4 e6 4. Nc3 Be7 5. g3 O-O 6. Bg2 c6 7. O-O d5 8. cxd5
exd5 9. Ne5 Nbd7 10. Bf4 Ne4 11. Qc2 Nxe5 12. dxe5 Bg5 13. Na4 Be7 14. f3 Ng5
15. Bxg5 Bxg5 16. f4 Be7 17. e3 Be6 18. Rfe1 Rc8 19. Nc5 Bxc5 20. Qxc5 Qb6 21.
Qxb6 axb6 22. Rad1 Ra8 23. a3 Ra4 24. h3 h5 25. Bf3 g6 26. Rd3 Kf7 27. Rd2 Rh8
28. Rg2 Raa8 29. Kh1 b5 30. Kg1 Rag8 31. Rc1 Ra8 32. Kh2 Ra4 33. Re1 Rg8 34.
Kg1 Rh8 35. Be2 Rg8 36. Bd3 Raa8 37. Kh2 Rh8 38. Reg1 Rag8 39. Re2 Ra8 40. Rd2
Rag8 41. h4 Ra8 42. Re2 Ra4 43. Rd1 Rha8 44. Bc2 R4a6 45. Kg2 Re8 46. Bd3 Ra5
47. Kg1 Rd8 48. Rc2 Rg8 49. Re1 Rh8 50. Rd2 Rf8 51. Be2 Re8 52. Rc2 Rb8 53. Bf3
Rd8 54. Rd2 Rd7 55. Rde2 Rd8 56. Rd1 Rb8 57. Rd4 Ra7 58. Kf2 Rc8 59. Rd1 Re8
60. Rc1 Rf8 61. Rd2 Rg8 62. Kg1 Rh8 63. Kg2 Rg8 64. Re2 Rf8 65. Rd1 Re8 66. Kf1
Ra6 67. Kg1 Rh8 68. Rd3 Rg8 69. Re1 Rf8 70. Rd2 Re8 71. Rc2 Rc8 72. Kf1 Rb8 73.
Rd2 Rba8 74. Be2 Rb6 75. Ra1 b4 76. a4 b3 77. Bd1 Rb4 78. Rd4 Rxd4 79. exd4 Ke7
80. Bxb3 Kd7 81. Bc2 b6 82. Rc1 Ra7 83. b4 Kd8 84. Bb3 Kd7 85. Bd1 Rc7 86. a5
bxa5 87. bxa5 Ra7 88. Rc5 Kc7 89. Ba4 Bd7 90. Bb3 Kd8 91. Bc2 Ra6 92. Bd3 Ra7
93. a6 Kc7 94. Ke1 Kb6 95. Rc2 Bc8 96. Rb2+ Kc7 97. Kd1 Bxa6 98. Ra2 Kb7 99.
Rxa6 Rxa6 100. Bxa6+ Kxa6 101. e6 Kb5 102. e7 Kc4 103. e8=Q Kxd4 104. Qxc6 Ke4
105. Qxg6 d4 106. Qe6+ Kf3 107. Qxf5 Kxg3 108. Qg5+ Kf3 109. Qxh5+ Kxf4 110.
Qd5 Ke3 111. Kc2 Kf4 112. Kd3 Kg4 113. Ke4 Kxh4 114. Kf4 Kh3 115. Qh1# {
xLars checkmated} 1-0

[Event "ICS rated blitz match"]
[Site "204.178.125.65"]
[Date "2000.05.30"]
[Round "?"]
[White "Tinker"]
[Black "Hossa"]
[Result "1-0"]
[WhiteElo "2453"]
[BlackElo "2438"]
[PlyCount "121"]
[EventDate "2000.??.??"]

1. e4 c5 2. Nf3 Nc6 3. Bb5 g6 4. O-O Bg7 5. Bxc6 bxc6 6. e5 Nh6 7. d3 O-O 8.
Nc3 Nf5 9. Re1 f6 10. exf6 Bxf6 11. Ne4 d6 12. Nxf6+ exf6 13. Bd2 d5 14. Qe2
Bd7 15. Bc3 d4 16. Bd2 Qb6 17. Reb1 Rfe8 18. Qf1 Be6 19. Ne1 Qc7 20. c3 Qf7 21.
c4 a5 22. Nc2 a4 23. b3 Ra7 24. bxa4 Rxa4 25. Rb6 Qc7 26. Rb2 Bd7 27. Rab1 Ra7
28. a3 Rea8 29. Rb6 Be6 30. Qe2 Bd7 31. Qf3 Qd8 32. Bf4 Rc8 33. Bb8 Ra8 34. Bf4
Ra7 35. Qe2 Qf8 36. Rb7 Rxb7 37. Rxb7 Re8 38. Qf1 Re7 39. a4 Bc8 40. Rc7 Rxc7
41. Bxc7 Qe7 42. Bb6 Ng7 43. Qd1 Ne6 44. Qf3 Qb7 45. a5 f5 46. Qe2 Qd7 47. Qe5
Qe7 48. Ne1 Qf8 49. a6 Ng5 50. a7 Nf7 51. Qb8 Qe8 52. Kf1 Nd6 53. a8=Q Bd7 54.
Qxe8+ Nxe8 55. Bxc5 f4 56. Qd8 g5 57. Qe7 h6 58. Qf8+ Kh7 59. Qf7+ Ng7 60. Bxd4
g4 61. Qxg7# {Hossa checkmated} 1-0

[Event "ICS rated blitz match"]
[Site "204.178.125.65"]
[Date "2000.05.30"]
[Round "?"]
[White "Tinker"]
[Black "Hossa"]
[Result "0-1"]
[WhiteElo "2468"]
[BlackElo "2423"]
[PlyCount "164"]
[EventDate "2000.??.??"]

1. e4 c5 2. Nf3 e6 3. d3 d5 4. Be2 dxe4 5. dxe4 Qxd1+ 6. Bxd1 Be7 7. e5 Nc6 8.
Na3 Nh6 9. O-O Nf5 10. Nb5 O-O 11. Be2 Nb4 12. c3 Nc2 13. Rb1 Bd7 14. Nd6 Ba4
15. Nxb7 Rab8 16. b3 Rxb7 17. Rb2 Nce3 18. fxe3 Bc6 19. Ba6 Rd7 20. Re2 Be4 21.
Bb5 Rb7 22. a4 Rd8 23. Ref2 Bd5 24. c4 Be4 25. Kh1 Nh6 26. Rd2 Rxd2 27. Nxd2
Bd3 28. Rf4 Rb8 29. Bc6 Bg5 30. Rf3 Ng4 31. Rg3 Bf5 32. h3 Nxe5 33. Rxg5 Nxc6
34. Bb2 Rd8 35. Rxg7+ Kf8 36. Nf3 Rd1+ 37. Kh2 Bg6 38. Ng5 e5 39. Rxg6 hxg6 40.
Ba3 Rd3 41. Bxc5+ Kg7 42. b4 Rc3 43. b5 Rxc4 44. Bd6 Kf6 45. Nxf7 Kxf7 46. bxc6
Rxc6 47. Bxe5 Ra6 48. h4 Rxa4 49. Bd4 a5 50. Bc3 Rxh4+ 51. Kg3 Rh5 52. e4 a4
53. Bb2 Rb5 54. Bh8 a3 55. Kf4 a2 56. Bd4 g5+ 57. Ke3 Rb3+ 58. Kf2 Rb4 59. Bh8
Rxe4 60. g3 Re8 61. Ba1 Rb8 62. Kf3 Rb1 63. Be5 a1=R 64. Bxa1 Rxa1 65. Kf2 g4
66. Ke2 Rg1 67. Kf2 Kf6 68. Kxg1 Ke5 69. Kf2 Kd4 70. Ke2 Ke4 71. Kf2 Kd3 72.
Kf1 Ke3 73. Kg2 Ke2 74. Kg1 Kf3 75. Kh2 Kf2 76. Kh1 Kxg3 77. Kg1 Kh3 78. Kf1 g3
79. Ke2 g2 80. Kf2 Kh2 81. Kf3 g1=Q 82. Kf4 Qc5 {Tinker resigns} 0-1

[Event "ICS rated standard match"]
[Site "204.178.125.65"]
[Date "2000.05.30"]
[Round "?"]
[White "PostModernist"]
[Black "Hossa"]
[Result "1-0"]
[WhiteElo "2385"]
[BlackElo "2319"]
[PlyCount "149"]
[EventDate "2000.??.??"]

1. d4 d5 2. Nf3 Nf6 3. e3 Bf5 4. Bd3 Bxd3 5. Qxd3 Nbd7 6. Nc3 e6 7. Qb5 b6 8.
Bd2 c5 9. O-O Be7 10. dxc5 bxc5 11. b3 O-O 12. Qd3 Ng4 13. h3 Nge5 14. Qe2
Nxf3+ 15. Qxf3 Bf6 16. Rad1 Be5 17. e4 d4 18. Ne2 Qc7 19. c3 Rfd8 20. Bg5 Nf6
21. Rfe1 a5 22. cxd4 cxd4 23. Qd3 h6 24. Bc1 Ne8 25. Rf1 Bf6 26. f4 e5 27. Bb2
Rd7 28. fxe5 Bxe5 29. Bxd4 Nf6 30. Qe3 Qc2 31. Nc3 Re8 32. Bxe5 Rxd1 33. Rxd1
Rxe5 34. Qd4 Rg5 35. Qd2 Qxd2 36. Rxd2 Rc5 37. Rd3 Rc7 38. Kh2 Kf8 39. Na4 Ke7
40. Nb6 Ke6 41. Nc4 a4 42. Rd6+ Ke7 43. Rd4 axb3 44. axb3 Rd7 45. Rxd7+ Kxd7
46. Nd2 Kd6 47. Kg3 Ke5 48. Kf3 Kd4 49. h4 Kd3 50. Nc4 Nxe4 51. Ne5+ Kd4 52.
Nxf7 Nf6 53. Nd6 Kc3 54. Ne4+ Nxe4 55. Kxe4 Kb4 56. g4 g6 57. Ke5 Kc5 58. Kf6
Kd5 59. Kxg6 Kd4 60. Kxh6 Ke3 61. g5 Kf2 62. g6 Kg1 63. g7 Kf2 64. h5 Kg1 65.
g8=Q+ Kf2 66. Qe8 Kf3 67. Qg8 Kf2 68. Qe6 Kf3 69. Kg5 Kf2 70. Kg4 Kg2 71. Qe2+
Kg1 72. Qe1+ Kg2 73. Qd2+ Kf1 74. Kf3 Kg1 75. Qg2# {Hossa checkmated} 1-0

[Event "ICS Rated standard match"]
[Site "204.178.125.65"]
[Date "2000.05.30"]
[Round "?"]
[White "Hossa"]
[Black "PostModernist"]
[Result "1-0"]
[WhiteElo "2302"]
[BlackElo "2398"]
[PlyCount "173"]
[EventDate "2000.??.??"]

1. c4 c5 2. Nf3 g6 3. e3 Nf6 4. Nc3 Bg7 5. d4 O-O 6. d5 a6 7. e4 d6 8. Bg5 b6
9. Be2 Nbd7 10. O-O Re8 11. Qd2 Ng4 12. h3 Nge5 13. Nh2 Bb7 14. f4 f6 15. Bh4
Nf7 16. Ng4 e6 17. dxe6 Rxe6 18. Nf2 Rc8 19. Rad1 Bc6 20. Bg4 Re7 21. Nd5 Re8
22. e5 dxe5 23. Ne4 Kf8 24. fxe5 Rxe5 25. Ndxf6 Nxf6 26. Bxf6 Qxd2 27. Rxd2
Rxe4 28. Bxg7+ Kxg7 29. Bxc8 b5 30. Rc1 bxc4 31. Bxa6 Ne5 32. Kh2 h5 33. Rf1 h4
34. Ra1 Kh6 35. Rc1 Kg5 36. Bc8 Rd4 37. Re2 Nd3 38. Rf1 Kh6 39. Kg1 Nf4 40. Re5
Nd3 41. Re6 Bd5 42. Re2 Re4 43. Rc2 Re8 44. Bg4 Rb8 45. Rb1 Nb4 46. Rd2 Nd3 47.
Re2 Nf4 48. Re3 Bxg2 49. a3 Bd5 50. a4 Nd3 51. Be2 Nf4 52. Bf1 Ra8 53. Ra3 Be6
54. Rc1 g5 55. Kh2 Rd8 56. Rc2 Rd1 57. Bxc4 Bf5 58. Rf2 Be4 59. Bf1 Nd3 60.
Rf6+ Kg7 61. Re6 Bd5 62. Rxd3 Rxd3 63. Bxd3 Bxe6 64. a5 Bc8 65. a6 Bxa6 66.
Bxa6 Kf6 67. Kg2 Ke5 68. Kf3 Kd4 69. Be2 c4 70. Kg4 c3 71. bxc3+ Kxc3 72. Kxg5
Kd4 73. Kxh4 Ke3 74. Kg5 Kxe2 75. h4 Kd3 76. Kf6 Ke4 77. h5 Kf4 78. h6 Kf3 79.
h7 Ke2 80. Ke5 Kd3 81. h8=Q Kc4 82. Qh3 Kb5 83. Qc3 Kb6 84. Kd6 Ka7 85. Qb3 Ka6
86. Kc6 Ka7 87. Qb7# 1-0

[Event "ICS rated bullet match"]
[Site "204.178.125.65"]
[Date "2000.05.30"]
[Round "?"]
[White "JSBach"]
[Black "Hossa"]
[Result "0-1"]
[WhiteElo "2011"]
[BlackElo "2297"]
[PlyCount "130"]
[EventDate "2000.??.??"]

1. d4 Nf6 2. Bf4 g6 3. e3 Nc6 4. d5 Nb4 5. Nc3 e6 6. e4 exd5 7. exd5 Qe7+ 8.
Be2 Qc5 9. Be3 Qa5 10. Bf3 Bg7 11. Nge2 Na6 12. O-O Qb4 13. Qc1 O-O 14. a3 Qe7
15. Re1 Re8 16. Bh6 Qf8 17. Qg5 Bxh6 18. Qxf6 d6 19. Rab1 Bf5 20. Ra1 Bxc2 21.
Nd4 Bd3 22. h3 Nc5 23. Nde2 Nb3 24. Ra2 Nc1 25. Rxc1 Bxc1 26. Qd4 Ba6 27. Nxc1
Re1+ 28. Kh2 Rxc1 29. Ne4 Qg7 30. Nf6+ Kh8 31. Qd2 Rf1 32. Qd4 Re8 33. b3 Re5
34. Ng4 Rh1+ 35. Kg3 Re7 36. Qxa7 Re8 37. Rc2 f5 38. Nf6 Qxf6 39. Bg4 Qe5+ 40.
f4 Qe1+ 41. Qf2 Qxf2+ 42. Rxf2 fxg4 43. Kxg4 Be2+ 44. Kg3 Re3+ 45. Kh4 Rf1 46.
Rxf1 Bxf1 47. g3 Rxb3 48. Kg4 Rxa3 49. h4 Ra5 50. Kf3 Bc4 51. Ke3 Rxd5 52. Ke4
h5 53. Kf3 Rd3+ 54. Kg2 Bd5+ 55. Kf1 Rxg3 56. Ke2 Rf3 57. f5 gxf5 58. Ke1 Kg7
59. Ke2 Kf6 60. Ke1 Ke5 61. Ke2 Kd4 62. Kd2 Bc4 63. Kc2 Rf2+ 64. Kc1 Kc3 65.
Kb1 Rf1# {JSBach checkmated} 0-1

[Event "ICS rated blitz match"]
[Site "204.178.125.65"]
[Date "2000.05.30"]
[Round "?"]
[White "Hossa"]
[Black "gines6"]
[Result "1-0"]
[WhiteElo "2441"]
[BlackElo "1417"]
[PlyCount "47"]
[EventDate "2000.??.??"]

1. d4 d5 2. Nf3 Nf6 3. e3 c5 4. dxc5 Nc6 5. c4 e5 6. cxd5 Nxd5 7. e4 Nf6 8.
Qxd8+ Kxd8 9. Ng5 Ke8 10. Bc4 Nd4 11. Nxf7 Nc2+ 12. Kf1 Nxa1 13. Nxh8 Bxc5 14.
Nc3 Nc2 15. Nf7 Nd4 16. Nxe5 Be6 17. Be3 Ng4 18. Bxe6 Nxe5 19. Bd5 Rb8 20. Na4
b6 21. b4 Ng4 22. Bf4 Rd8 23. bxc5 bxc5 24. Nxc5 {gines6 resigns} 1-0

[Event "ICS rated bullet match"]
[Site "204.178.125.65"]
[Date "2000.05.30"]
[Round "?"]
[White "Hossa"]
[Black "JSBach"]
[Result "1-0"]
[WhiteElo "2302"]
[BlackElo "2009"]
[PlyCount "99"]
[EventDate "2000.??.??"]

1. d4 d5 2. Nf3 Nc6 3. c4 dxc4 4. d5 Na5 5. Qa4+ c6 6. Bd2 Qb6 7. Qxa5 Qxb2 8.
Qc3 Qxc3 9. Nxc3 cxd5 10. Nxd5 Rb8 11. Bf4 e5 12. Bxe5 Ne7 13. Nxe7 Ra8 14.
Nxc8 Rxc8 15. Bc3 b5 16. O-O-O b4 17. Bd4 Rc7 18. Be5 Re7 19. e3 f6 20. Bd6 Re4
21. Nd2 Rg4 22. Nxc4 Rg5 23. h4 Rg4 24. g3 f5 25. Bxf8 Rxf8 26. Nd6+ Ke7 27.
Bh3 Rg6 28. Nxf5+ Ke8 29. Kb1 Rff6 30. h5 Rg5 31. Nd6+ Ke7 32. Ne4 Rgf5 33.
Rd7+ Kxd7 34. Nxf6+ Ke6 35. Bxf5+ Kxf5 36. Nxh7 Ke5 37. Rh4 b3 38. Rg4 bxa2+
39. Kxa2 Ke6 40. Rxg7 a5 41. Nf8+ Kf6 42. h6 a4 43. Nd7+ Ke6 44. h7 Kd5 45. Ka3
Kc4 46. Kxa4 Kd3 47. h8=Q Ke4 48. Rf7 Kd5 49. Qf6 Ke4 50. Qf5# {
JSBach checkmated} 1-0

[Event "ICS rated standard match"]
[Site "204.178.125.65"]
[Date "2000.05.30"]
[Round "?"]
[White "alta2"]
[Black "Hossa"]
[Result "1-0"]
[WhiteElo "2561"]
[BlackElo "2330"]
[PlyCount "95"]
[EventDate "2000.??.??"]

1. e4 c5 2. Nf3 e6 3. d4 cxd4 4. Nxd4 Nc6 5. Nc3 a6 6. Be2 Qc7 7. f4 Nxd4 8.
Qxd4 b5 9. Be3 b4 10. Na4 Bb7 11. Nb6 Rd8 12. O-O-O Nf6 13. Bf3 d5 14. e5 Ne4
15. Bxe4 dxe4 16. Qxd8+ Qxd8 17. Rxd8+ Kxd8 18. Rd1+ Ke8 19. Rd7 Bd5 20. Rc7
Be7 21. Nc8 Bd8 22. Nd6+ Kf8 23. Rxf7+ Kg8 24. Ra7 Bh4 25. Nf7 h6 26. Nxh8 Kxh8
27. g3 Bd8 28. Bc5 g5 29. f5 exf5 30. Rd7 Bb6 31. Rxd5 Bxc5 32. Rxc5 Kg7 33.
Kd2 Kf8 34. Rc6 a5 35. Rxh6 g4 36. Rf6+ Ke7 37. Ke3 a4 38. Rxf5 Ke6 39. Kxe4 a3
40. Rf6+ Kd7 41. bxa3 bxa3 42. Kd5 Kc7 43. Rd6 Kb7 44. e6 Kc7 45. e7 Kb7 46.
e8=Q Kc7 47. Qe7+ Kc8 48. Rd8# {Hossa checkmated} 1-0

[Event "ICS rated standard match"]
[Site "204.178.125.65"]
[Date "2000.05.30"]
[Round "?"]
[White "Hossa"]
[Black "Sofie"]
[Result "1-0"]
[WhiteElo "2323"]
[BlackElo "2000"]
[PlyCount "71"]
[EventDate "2000.??.??"]

1. d4 f5 2. g3 Nf6 3. c4 e6 4. Nf3 Be7 5. Bg2 O-O 6. Bg5 d5 7. cxd5 exd5 8. Nc3
c6 9. O-O Ne4 10. Bf4 Nd7 11. Qc2 Bf6 12. Rad1 Qe7 13. Rfe1 g5 14. Be3 g4 15.
Nd2 Bg5 16. Bxg5 Qxg5 17. e3 h5 18. f4 Qh6 19. Ndxe4 fxe4 20. Qf2 Nf6 21. b4
Kg7 22. b5 Rh8 23. bxc6 bxc6 24. Na4 Nd7 25. Rc1 Ba6 26. Nc5 Bc8 27. Nb3 Nb6
28. Rc2 Qd6 29. Rec1 Bd7 30. Rb1 Rab8 31. Nc5 Kf6 32. Bxe4 Bf5 33. Bxf5 Kxf5
34. Qe2 Nc4 35. Rxb8 Qxb8 36. Qd3+ {Sofie resigns} 1-0

[Event "ICS Rated standard match"]
[Site "204.178.125.65"]
[Date "2000.05.30"]
[Round "?"]
[White "Hossa"]
[Black "harimau"]
[Result "0-1"]
[WhiteElo "2323"]
[BlackElo "2721"]
[PlyCount "152"]
[EventDate "2000.??.??"]

1. d4 d5 2. Nf3 Nf6 3. e3 c5 4. dxc5 e6 5. b4 a5 6. c3 axb4 7. cxb4 b6 8. Be2
bxc5 9. b5 c4 10. a4 Bb4+ 11. Bd2 Bc5 12. Nc3 Bb6 13. O-O Nbd7 14. Bc1 Nc5 15.
Bb2 O-O 16. Qc2 Bb7 17. Nb1 Qe7 18. Ne5 Nfe4 19. Nc3 Nxc3 20. Bxc3 Ba5 21. Bd1
Qc7 22. Nf3 Ra7 23. Ng5 g6 24. Bf6 Rfa8 25. Qb2 h6 26. Nf3 Qc8 27. Ra3 Bb6 28.
Qa1 Qf8 29. Bc2 Nb3 30. Bxb3 Bc5 31. Bxc4 Bxa3 32. Bb3 Be7 33. Rc1 Bxf6 34.
Qxf6 Rc8 35. Rxc8 Bxc8 36. Bc2 Qc5 37. Ne1 Qb4 38. Nf3 Rxa4 39. h4 Ra7 40. h5
Qe7 41. Qxe7 Rxe7 42. hxg6 Rb7 43. gxf7+ Kxf7 44. Bd3 Kf6 45. Nd4 e5 46. Nb3
Rc7 47. Bf1 Rc3 48. Na5 Rc2 49. Nc6 Bb7 50. Nb4 Rb2 51. Nd3 Rxb5 52. Nxe5 Rb1
53. Ng4+ Ke6 54. f4 h5 55. Nh2 Kf5 56. Nf3 Ba6 57. Nh2 Ke4 58. Kf2 Bc4 59. g4
Rb2+ 60. Kg1 hxg4 61. Bg2+ Kxe3 62. Nxg4+ Kxf4 63. Nf2 Rc2 64. Nh1 d4 65. Nf2
d3 66. Bc6 d2 67. Ba4 Rc1+ 68. Kh2 Kf3 69. Nh3 Bd3 70. Ng5+ Ke3 71. Kg2 Bc2 72.
Bb5 d1=Q 73. Kg3 Bf5 74. Bf1 Qe1+ 75. Kh2 Qf2+ 76. Bg2 Qf4# {Hossa checkmated}
0-1